000 01468nam1a22002651i 4500
001 v19\rc\1217734
005 20260407121436.0
035 _a(NLR Aleph) 004380373
090 _a3618039
_c3618039
100 _a20060306d18741881|||a0rusy50 ca
101 0 _arus
102 _aRU
105 _ay z |||||
200 1 _aО распределении в войска новобранцев...
_e[С прил.
_fМ-во военное. Гл. штаб
210 _aСанкт-Петербург
_d1874]-1881
215 _d27
300 _aДата в штампе соответствует году призыва
309 _aБез тит. л. и обл.
327 0 _aС 1874-1881 в прил. также: "Руководство для препровождения из уездов в войска по назначению новобранцев, призванных на службу
464 0 _12001#$aРуководство для препровождения из уездов в войска по назначению новобранцев, призванных на службу
_tРуководство для препровождения из уездов в войска по назначению новобранцев, призванных на службу
710 0 1 _aРоссия
_bГлавный штаб
_3RU\NLR\AUTH\889955358
_9406795
801 0 _aRU
_bNLR
_gpsbo
801 1 _aRU
_bProSoft-M
_2rusmarc
852 _aNLR
_j18.170.1.3
942 _cBOOK